| 000 | 01385cam a2200373 i 4500 | ||
|---|---|---|---|
| 001 | 41337 | ||
| 003 | Mx-PuUPA | ||
| 005 | 20250225144052.0 | ||
| 008 | 140415s1991 nyu fr 000 0 eng d | ||
| 020 |
_a9780367174767 _qv.7 |
||
| 020 |
_a9780367031022 _qobra completa |
||
| 040 |
_cMx-PuUPA _aMx-PuUPA _bspa _dMx-PuUPA _erda |
||
| 041 | 0 | _aeng | |
| 245 | 0 | 0 |
_aSex in the middle ages : _ba book of Essays / _cedited by. Joyce E. Salisbury |
| 250 | _aFirst published | ||
| 264 | 1 |
_aNew York : _bGarland Publishing, _c©1991 |
|
| 300 |
_axv, 258 páginas ; _c22 cm |
||
| 336 |
_2rdacontent _atexto _btxt |
||
| 337 |
_2rdamedia _asin medio _bn |
||
| 338 |
_2rdacarrier _avolumen _bnc |
||
| 490 | 0 |
_aRoutledge library editions : History of sexuality ; _vv.7 |
|
| 650 | 7 |
_2armarc _aCostumbres sexuales _xHistoria _yHasta 1500 _913986 |
|
| 650 | 7 |
_2armarc _aHistoria social _xMedievo, 500-1500 |
|
| 650 | 7 |
_2armarc _aReligión y literatura _xHistoria |
|
| 650 | 7 |
_2armarc _aSexualidad _xAspectos religiosos _xHistoria |
|
| 650 | 7 |
_2armarc _aSexualidad _yEdad media |
|
| 651 | 4 |
_aEuropa _xCondiciones sociales _yHasta 1492 |
|
| 700 | 1 |
_aSalisbury, Joyce E., _d1944- _eeditor _916789 |
|
| 942 |
_2ddc _cLI _h306.7044 _iS58 |
||
| 999 |
_c41337 _d41337 |
||